书目信息 |
| 题名: |
不饱和聚酯树脂及制品性能
|
|
| 作者: | 汪泽霖 编著 | |
| 分册: | ||
| 出版信息: | 北京 化学工业出版社 2010.01 |
|
| 页数: | 288页 | |
| 开本: | 22cm | |
| 丛书名: | ||
| 单 册: | ||
| 中图分类: | TQ323.4 | |
| 科图分类: | ||
| 主题词: | 不饱和聚酯树脂--高等学校 | |
| 电子资源: | ||
| ISBN: | 978-7-122-06794-4 | |
| 000 | 00876nam0 2200217 450 | |
| 001 | 0011261321 | |
| 005 | 20100508182519.12 | |
| 010 | @a978-7-122-06794-4@dCNY28.00 | |
| 100 | @a20100515d2010 em y0chiy0110 ea | |
| 101 | 0 | @achi |
| 102 | @aCN@b110000 | |
| 105 | @aa z 000yy | |
| 200 | 1 | @a不饱和聚酯树脂及制品性能@Abu bao he ju zhi shu zhi ji zhi pin xing neng@f汪泽霖编著 |
| 210 | @a北京@c化学工业出版社@d2010.01 | |
| 215 | @a288页@c图@d22cm | |
| 330 | @a本书以不饱和聚酯树脂及其制品的性能为主线,首先介绍了液体不饱和聚酯树脂性能以及树脂的固化和增稠效应;然后论述了树脂及其制品的力学性能、填充改性性能、透光性能、阻燃性能、耐候性、耐水性、电性能、热性能以及耐腐蚀性能;并且对食品级树脂的卫生性能进行了简单介绍。 | |
| 606 | 0 | @a不饱和聚酯树脂@x高等学校 |
| 690 | @aTQ323.4@v4 | |
| 701 | 0 | @a汪泽霖@Awang ze lin@4编著 |
| 801 | 0 | @aCN@c20100515 |
| 905 | @dTQ323.4@eW080@f3 | |
| 不饱和聚酯树脂及制品性能/汪泽霖编著.-北京:化学工业出版社,2010.01 |
| 288页:图;22cm |
| ISBN 978-7-122-06794-4:CNY28.00 |
| 本书以不饱和聚酯树脂及其制品的性能为主线,首先介绍了液体不饱和聚酯树脂性能以及树脂的固化和增稠效应;然后论述了树脂及其制品的力学性能、填充改性性能、透光性能、阻燃性能、耐候性、耐水性、电性能、热性能以及耐腐蚀性能;并且对食品级树脂的卫生性能进行了简单介绍。 |
| ● |
| 相关链接 |
|
|
|
正题名:不饱和聚酯树脂及制品性能
索取号:TQ323.4/W080
 
预约/预借
| 序号 | 登录号 | 条形码 | 馆藏地/架位号 | 状态 | 备注 |
| 1 | 981284 | 209812844 | 自科库501/501自科库 140排9列2层/ [索取号:TQ323.4/W080] | 在馆 | |
| 2 | 981285 | 209812853 | 期刊室512/501自科库 140排9列2层/ [索取号:TQ323.4/W080] | 在馆 | |
| 3 | 981286 | 209812862 | 自科库501/501自科库 140排9列2层/ [索取号:TQ323.4/W080] | 在馆 |